00699naa a2200205 a 450000100080000000500110000800800410001910000170006024500330007726000090011052001820011965300090030165300240031065300170033465300120035165300110036365300150037465300100038977300940039911307642021-04-29 2020 bl uuuu u00u1 u #d1 aGUGEL, J. T. aAlho.h[electronic resource] c2020 ao documento apresenta an??lise conjuntural da produ????o, safra e mercado da cultura do Alho. ?? parte integrante do Boletim Agropecu??rio referente ao m??s de dezembro de 2020. aalho aAn??lise de mercado aimporta????o amercado apre??o aprodu????o aSafra tS??ntese Anual da Agricultura de Santa Catarina - 2018-19 , Florian??polis, p. 1-7, 2020.